000 04276cam a22017654i 4500
003 PE-LiUPU
005 20250813170029.0
008 2023spauuuu pe a rb 000 0 spa d
020 _a9788413572451
035 _aPE-LiUPU20250603S002
040 _aPE-LiUPU
_bspa
_cPE-LiUPU
_erda
082 0 4 _a658.848
_bH456g
_223
100 _aHedo Hernando, David,
_eautor.
_94928
245 1 0 _aGestión administrativa del comercio internacional /
_cDavid Hedo Hernando.
264 1 _aMadrid :
_bEditorial Síntesis,
_c2023.
300 _a340 páginas :
_bilustraciones, gráficos ;
_c26 cm.
336 _atext
_2rdacontent
337 _aunmediated
_2rdamedia
338 _avolume
_2rdacarrier
504 _aIncluye bibliografía y recursos didácticos: objetivos, glosarios, actividades propuestas, ejercicios, prácticas, debates en clase y autoevaluación tipo test.
505 0 _aIntroducción al comercio exterior -- Organismos e instituciones internacionales -- Sistemas de información aplicados al comercio internacional -- Barreras al comercio internacional -- El arancel de aduanas -- El origen de las mercancías -- El valor en aduana -- IVA, impuestos especiales y derechos antidumping -- Gestión aduanera de importaciones y exportaciones -- Regímenes aduaneros especiales.
526 _aP203
526 _aP200
526 _aSEG65
526 _aSEG64
526 _aSEG63
526 _aSEG62
526 _aSEG61
526 _aSEG60
526 _aSEG59
526 _aSEG58
526 _aSEG57
526 _aSEG56
526 _aSEG55
526 _aSEG54
526 _aSEG53
526 _aSEG52
526 _aSEG51
526 _aSEG50
526 _aSEG49
526 _aSEG48
526 _aSEG47
526 _aSEG46
526 _aSEG24
526 _aSEG23
526 _aSEG22
526 _aSEG21
526 _aSEG20
526 _aSEG19
526 _aSEG18
526 _aSEG17
526 _aSEG16
526 _aSEG14
526 _aSEG13
526 _aSEG12
526 _aSEG11
526 _aSEG10
526 _aSEG09
526 _aSEG06
526 _aSEG05
526 _aSEG04
526 _aSEG03
526 _aSEG02
526 _aSEG68
526 _aSEG66
526 _aSEG45
526 _aSEG25
526 _aSEG01
526 _aP163
526 _aP162
526 _aP161
526 _aP160
526 _aP159
526 _aP158
526 _aP157
526 _aP156
526 _aP155
526 _aP154
526 _aP153
526 _aP152
526 _aP151
526 _aP150
526 _aP149
526 _aP142
526 _aP141
526 _aP140
526 _aP139
526 _aP138
526 _aP137
526 _aP132
526 _aP131
526 _aP130
526 _aP126
526 _aP125
526 _aP124
526 _aP123
526 _aP115
526 _aP122
526 _aP121
526 _aP116
526 _a P114
526 _aP112
526 _aP111
526 _aP104
526 _aP103
526 _aP102
526 _aP101
526 _aP100
526 _aP96
526 _aP95
526 _aP93
526 _aP92
526 _aP91
526 _aP88
526 _aP83
526 _aP82
526 _aP79
526 _aP78
526 _aP75
526 _aP74
526 _aP71
526 _aP69
526 _a P51
526 _aP49
526 _aP48
526 _aP47
526 _aP33
526 _aP31
526 _a P30
526 _aP29
526 _aP27
526 _aP26
526 _aP25
526 _aP24
526 _a P22
526 _aP10
526 _aP09
526 _a P08
526 _aP06
526 _aP05
526 _aP04
526 _aP01
650 1 0 _aComercio exterior.
_xGestión administrativa.
_95433
650 2 0 _aAduanas
_xLegislación.
_95434
650 2 0 _aEconomía internacional
_xAspectos prácticos.
_95435
710 _aEditorial Síntesis (Madrid),
_eeditor.
_95460
942 _2ddc
_cBK
980 _621515
_aROMINA COBOS Adquisiciones
_81
_gALBERTO SANCHEZ Responsable de Automatización
999 _c62961
_d62960